000 00317nam a22001457a 4500
020 _a978-93-325-5700-0
041 _aENG
100 _aMassie.J.L
245 _aEssentials of Management
250 _a4 Edition
260 _aIndia
_bPearson
_c2016
300 _a301
650 _a Economic
856 _uCompuetitive Exam
999 _c50
_d50